| 000 | 00729nam a22002417a 4500 | ||
|---|---|---|---|
| 003 | dpl | ||
| 005 | 20180608133715.0 | ||
| 008 | 180608b xxu||||| |||| 00| 0 eng d | ||
| 010 | _aB-133082 | ||
| 020 |
_c395.00 _a1403922276 |
||
| 035 | _aB-133082, B-133103 | ||
| 037 | _bCen Lib/Ret | ||
| 040 |
_aDPL _bEN _c0 |
||
| 082 |
_a921 _bKAP |
||
| 100 |
_aKapil Dev _929237 |
||
| 245 |
_aStraight from the heart : _cby Kapil Dev _ban autobiography / |
||
| 260 |
_aDelhi _bMacmillan _c2004 |
||
| 270 |
_bDelhi _a2/10, Ansari Road, Darya Ganj _e110002 |
||
| 300 |
_axxiii,374p. _c23cm(Hb) |
||
| 650 |
_aKapil Dev, -- 1959- _929238 |
||
| 650 |
_aCricket -- India -- Biography _929239 |
||
| 942 |
_2ddc _cEN _h921 _mKAP |
||
| 999 |
_c130455 _d130455 |
||